000 00269nam a22001217a 4500
082 _a823
_bKUN/W
100 _aKUNWAR, ANIL K
245 _aWITTY TENALI RAMA
260 _aDELHI
_bMANOJ PUBLICATIONS
_c2004
300 _a169
650 _aENGLISH STORY
_zINDIA
942 _cBK
999 _c7400
_d7400